| 000 | 00786nam a22002175i 4500 | ||
|---|---|---|---|
| 001 | 177774 | ||
| 003 | ES-MaACL | ||
| 005 | 20251017063113.0 | ||
| 008 | 110420s1929 sp |||| | spa d | ||
| 080 | _a159.922.8 | ||
| 100 | 1 |
_aSpranger, Eduard, _d1882-1963 _9107790 |
|
| 245 | 1 | 0 |
_aPsicología de la edad juvenil / _cEduardo Spranger ; traducción del alemán por José Gaos. |
| 260 |
_aMadrid : _bRevista de Occidente, _c1929. |
||
| 300 |
_a390 p. ; _c23 cm. |
||
| 490 | 1 |
_aNuevos hechos, nuevas ideas ; _v29 |
|
| 650 | 0 | 4 |
_aJóvenes- _xPsicología. _913956 |
| 700 | 0 |
_aGaos, José. _953902 |
|
| 830 | 1 |
_aNuevos hechos, nuevas ideas ; _v29 _9184426 |
|
| 852 |
_aES-MaACL _jE-14979 _xOlim P-209 _z- Sello: Donativo Amigos del Ateneo 1929 |
||
| 999 |
_c177774 _d177774 |
||